UK Town and City Trivia - York - Statistics

General Stats
  • This quiz has been taken 88 times
  • The average score is 10 of 15
Answer Stats
Hint Answer % Correct
Name by which York's cathedral is more commonly known York {Minster}
97%
York born Catholic who was involved in the failed Gunpowder Plot of 1605 Guy Fawkes
94%
Major transportation museum in York National {Railway} Museum
87%
York's popular Viking attraction {Jorvik} Viking Centre
84%
Ceremonial county in which York is located North Yorkshire
84%
Yet another York confectionary maker, known for its 'Chocolate Orange' Terry's
83%
Mediaeval cobbled street, one of the oldest shopping streets in Europe The Shambles
74%
River that flows through the centre of York Ouse
71%
Famous café and tea rooms, inspired by the RMS Queen Mary cruise liner Bettys
62%
Confectionery manufacturer, founded in York but now owned by Nestlé Rowntree's
62%
David Bradley from York is perhaps best known for playing the role of this caretaker in the Harry Potter fims Argus Filch
39%
Roman name for the settlement that became York Eboracum
38%
Claimed to be England's shortest street {Whip} Ma {Whop} Ma Gate
38%
Name used for the city gates - Monk, Bootham, Micklegate and Walmgate Bar
31%
Location and nickname of York racecourse The Knavesmire
27%
No matching quizzes found
Score Distribution
Percent of People with Each Score
Percentile by Number Answered
Your Score History
You have not taken this quiz